| 000 | | | 04290nac2a22002893x 450 |
| 001 | | | 9e33e441-a153-4fc3-b037-eaee12a6b330 |
| 005 | | | 20220701155958.0 |
| 100 | ## | $a | 20220622l1898 k y0rusy50 ca |
| 101 | 0# | $a | rus |
| 102 | ## | $a | RU |
| 105 | ## | $a | y z |||e| |
| 122 | 2# | $a | d18981231 |
| | $a | d19121231 |
| 200 | 1# | $a | Письма Щербачева Д. - попечителя Суворовского музея и начальника Николаевской академии Генштаба |
| | $j | [19--] |
| 215 | ## | $a | 6 листов |
| 251 | ## | $c | Дело |
| 300 | ## | $a | Заголовок дела на папке: Письма Попечителя Суворовского музея и начальника Николаевской академии Генерального штаба Д. Щербачева |
| 300 | ## | $a | На папке дела: 23 августа 1907 г. - 17 ноября 1908 г. |
| 300 | ## | $a | Лист: 6 - конверт |
| 300 | ## | $a | Часть текста машинописная и рукописная, часть - напечатана типографским способом |
| 461 | #0 | $1 | 00146f31c0b-2482-4a55-a7be-cfce92df5576 |
| | $1 | 2001 |
| | $a | Энгельгардт Василий Павлович, барон, астроном, музыкант, собиратель материалов о А. В. Суворове |
| | $1 | 251 |
| | $c | Фонд |
| | $1 | 852 |
| | $j | 1824 |
| 462 | #0 | $1 | 0017889321c-552f-4516-aff1-d25a6bed3147 |
| | $1 | 2001 |
| | $a | Дела постоянного хранения. 1898-1912 гг. |
| | $v | Д. 55 |
| | $1 | 251 |
| | $c | Опись |
| | $1 | 852 |
| | $j | 1 |
| 517 | 1# | $a | Письма Попечителя Суворовского музея и начальника Николаевской академии Генерального штаба Д. Щербачева |
| 600 | #1 | $a | Энгельгардт |
| | $b | В. П. |
| | $c | барон |
| | $g | Василий Павлович |
| 600 | #1 | $a | Щербачев |
| | $b | Д. |
| 801 | #0 | $a | RU |
| | $b | GA_RF |
| 801 | #1 | $a | RU |
| | $b | ГлавНИВЦ |
| | $c | 20220622 |
| | $2 | rusmarc |
| 801 | #2 | $a | RU |
| | $b | ПБ им. Б.Н. Ельцина |
| | $c | 20220701 |
| | $g | RCR |
| | $2 | rusmarc |
| 852 | ## | $a | ГА РФ |
| | $j | 55 |
| 937 | ## | $d | 177004038 |
| | $h | ГАРФ |
| 035 | ## | $a | RuPRLIB51067972 |
| 856 | ## | $u | http://readingroom.main.prlib.ru/item.aspx?id_node=n177004038&mode=full |